Marosi Ildikó: Bánffy Miklós estéje. [Polis Könyvkiadó, Kv., 2002] {Seara lui Bánffy Miklós}. [The Bánffy Miklós's evening]

Elmentve itt :
Bibliográfiai részletek
Szerző: Sz. G.
Adatforrás:Meister
Forrásdokumentuma:Korunk. -
2003. 6, 113-114.
Nyelv:magyar
Kulcsszavak:irodalomtörténet-recenzió
MAROSI, Ildikó
BÁNFFY, Miklós
istoria literaturii-recenzie
history of literature-book review
LEADER 00577nab a2200169 i 4500
001 bibPRO00012853
008 080908s2003 xx hun
040 |a Sz1 
041 |a hun 
100 1 |a Sz. G. 
245 1 0 |a Marosi Ildikó: Bánffy Miklós estéje. [Polis Könyvkiadó, Kv., 2002] {Seara lui Bánffy Miklós}. [The Bánffy Miklós's evening]  |c Sz. G. 
695 |a irodalomtörténet-recenzió 
695 |a MAROSI, Ildikó 
695 |a BÁNFFY, Miklós 
695 |a istoria literaturii-recenzie 
695 |a history of literature-book review 
773 0 |t Korunk. -  |g 2003. 6, 113-114.